| 000 | 00000nam 2200000zi 4500 |
| 001 | 9.920151 |
| 003 | CaOODSP |
| 005 | 20241129113123 |
| 006 | m o d f |
| 007 | cr |n||||||||| |
| 008 | 230213s1994 qucdab ob f|0| 0 eng d |
| 040 | |aCaOODSP|beng|erda|cCaOODSP |
| 043 | |an-cn-qu |
| 086 | 1 |aEn56-318/1994E-PDF |
| 100 | 1 |aPoissant, Laurier, |d1956- |eauthor. |
| 245 | 10|aAtmospheric contribution to the St. Lawrence River pollution (Québec, Canada) : |bon-going research / |cby Laurier Poissant, Jean-François Koprivnjak and Bruno Harvey. |
| 264 | 1|a[Québec], |bAtmospheric Environment Directorate, Environment Canada, Québec Region, |c[1994] |
| 300 | |a1 online resource (13 unnumbered pages) : |bcharts, illustrations, maps |
| 336 | |atext|btxt|2rdacontent |
| 337 | |acomputer|bc|2rdamedia |
| 338 | |aonline resource|bcr|2rdacarrier |
| 500 | |aDigitized edition from print [produced by Environment and Climate Change Canada]. |
| 500 | |a"Extensive abstract." |
| 504 | |aIncludes bibliographical references. |
| 650 | 0|aAir|xPollution|xResearch|zSaint Lawrence River Region. |
| 650 | 6|aAir|xPollution|zSaint-Laurent, Région du. |
| 710 | 1 |aCanada. |bEnvironment Canada. |bQuebec Region, |eissuing body. |
| 856 | 40|qPDF|s358 KB|uhttps://publications.gc.ca/collections/collection_2024/eccc/En56-318-1994-eng.pdf |